Normal view MARC view

Entry Personal Name

Number of records used in: 1

001 - CONTROL NUMBER

  • control field: 53952

003 - CONTROL NUMBER IDENTIFIER

  • control field: dpl

005 - DATE AND TIME OF LATEST TRANSACTION

  • control field: 20121130113457.0

008 - FIXED-LENGTH DATA ELEMENTS

  • fixed length control field: 121130|||a|||||| | ||| d

040 ## - CATALOGING SOURCE

  • Original cataloging agency: dpl
  • Transcribing agency: dpl

100 ## - HEADING--PERSONAL NAME

  • Personal name: Sales management

670 ## - SOURCE DATA FOUND

  • Source citation: Work cat.: (dpl): Goldsmith, Marshall 53950, What got you here won't get you there in sales :, 2012

670 ## - SOURCE DATA FOUND

  • Source citation: Work cat.: (dpl): Goldsmith, Marshall 53950, What got you here won't get you there in sales :, 2012

© Delhi Public Library
Hit Counter
free hit counter